000 00930cab a2200277 4500
001 ABS59815
008 090401t1998 xxu||||| |||| 00| 0 eng d
035 _a(Sirsi) u90361
041 _aeng
100 _aBooty, F.
245 _aInteroperability standards in intelligent buildings
260 _c1998
350 _a0
490 _aFacilities Management
_v6(2) December 1998, 12-13(2)
520 _aReview of interoperability standards used in the latest intelligent buildings, with particular reference to British Airways` new waterside headquarters in London.
650 _aAUTOMATION
650 _aBA WATERSIDE
650 _aBUILDING CONTROL SYSTEMS
650 _aENERGY EFFICIENCY
650 _aINTELLIGENT BUILDINGS
650 _aINTEROPERABILITY
650 _aLONMARK INTEROPERABILITY ASSOCIATION
690 _aMANAGEMENT-BUSINESS MANAGEMENT-INFORMATION MANAGEMENT
942 _n0
948 _c17/12/1998
999 _c57288
_d57288